Banderas Vallès Occidental - Estadísticas

Estadísticas generales
  • Esta prueba ha sido intentada 21 veces
  • La puntuación promedio es 7 de 11
Estadísticas de respuestas
Imagen Respuesta % Correcto
Sabadell
90%
Terrassa
90%
Cerdanyola del Valles
80%
Matadepera
80%
Sant Cugat
70%
Castellar del Valles
60%
Montcada i reixac
60%
Rubí
60%
Palau-solitá i plegamans
40%
Ripollet
40%
Sentmenat
30%
No se encontraron pruebas coincidentes
Distribución de puntuación
Porcentaje de gente con cada puntuación
Porcentaje por número respondido
Historial de tus puntuaciones
No has intentado esta prueba.